Works of Lord Macaulay: complets (Record no. 433451)
[ view plain ]
| 000 -LEADER | |
|---|---|
| fixed length control field | 00456cam a22001337a 4500 |
| 008 - FIXED-LENGTH DATA ELEMENTS--GENERAL INFORMATION | |
| fixed length control field | 180718b1873 xxu||||| |||| 00| 0 eng d |
| 082 ## - DEWEY DECIMAL CLASSIFICATION NUMBER | |
| Classification number | A6x42 M119 |
| 100 ## - MAIN ENTRY--PERSONAL NAME | |
| Personal name | Macaulay, Thomas Babington |
| 245 ## - TITLE STATEMENT | |
| Title | Works of Lord Macaulay: complets |
| Statement of responsibility, etc. | by Thomas Babington Macaulay |
| 260 ## - PUBLICATION, DISTRIBUTION, ETC. | |
| Place of publication, distribution, etc. | London |
| Name of publisher, distributor, etc. | Longmans |
| Date of publication, distribution, etc. | 1873 |
| 300 ## - PHYSICAL DESCRIPTION | |
| Extent | 8v. |
| 500 ## - GENERAL NOTE | |
| General note | Contents;v.2., 589p.; v.3., 657p.; v.4.,556p.; v.5., 681p.; v.6., 714p.; v.8., 712p. |
| 650 ## - SUBJECT ADDED ENTRY--TOPICAL TERM | |
| Topical term or geographic name entry element | Great Britain-History |
| Withdrawn status | Lost status | Damaged status | Not for loan | Permanent Location | Current Location | Date acquired | Full call number | Barcode | Date last seen | Price effective from | Koha item type |
|---|---|---|---|---|---|---|---|---|---|---|---|
| Indian Institute of Public Administration | Indian Institute of Public Administration | 2010-02-09 | A6x42 M119 | A875 | 2018-07-21 | 2018-07-21 | A | ||||
| Indian Institute of Public Administration | Indian Institute of Public Administration | 2010-02-09 | A6x42 M119 | A873 | 2018-07-21 | 2018-07-21 | A | ||||
| Indian Institute of Public Administration | Indian Institute of Public Administration | 2010-02-09 | A6x42 M119 | A872 | 2018-07-21 | 2018-07-21 | A | ||||
| Indian Institute of Public Administration | Indian Institute of Public Administration | 2010-02-09 | A6x42 M119 | A871 | 2018-07-21 | 2018-07-21 | A | ||||
| Indian Institute of Public Administration | Indian Institute of Public Administration | 2010-02-09 | A6x42 M119 | A870 | 2018-07-21 | 2018-07-21 | A | ||||
| Indian Institute of Public Administration | Indian Institute of Public Administration | 2010-02-09 | A6x42 M119 | A869 | 2018-07-21 | 2018-07-21 | A |
